000
00262nam a2200109Ia 4500
008
240625s9999 xx 000 0 und d
041
_a
eng
082
_a
332.632283 HUL
100
_a
HULL JOHN C
245
_a
OPTIONS FUTURES AND OTHER DERIVATIVES
260
_c
2004
999
_c
39187
_d
39187